Country Borders - Multiple Choice - Statistics

General Stats
  • This quiz has been taken 24 times
  • The average score is 10 of 12
Answer Stats
Question Answer % Correct
Brazil Argentina
100%
Spain Portugal
100%
Peru Chile
95%
Norway Sweden
95%
China Russia
94%
Germany France
93%
Ukraine Slovakia
89%
Vietnam Laos
88%
Egypt Libya
88%
Costa Rica Nicaragua
88%
Ethiopia Djibouti
75%
Gabon Cameroon
73%
Tajikistan Kyrgyzstan
72%
Turkey Azerbaijan
67%
Iran Azerbaijan
62%
Angola Republic of the Congo
59%
Nigeria Chad
56%
No matching quizzes found
Score Distribution
Percent of People with Each Score
Percentile by Number Answered
Your Score History
You have not taken this quiz